| 000 | 00673nam a2200193Ii 4500 | ||
|---|---|---|---|
| 003 | JO-AjNU | ||
| 008 | 230605s9999||||xx |||||||||||||| ||und|| | ||
| 040 |
_aJO-AjNU _bara _erda _cJO-AjNU |
||
| 041 | _aara | ||
| 050 | 1 | 4 | _aPJ7832.A315.A17 1900 |
| 100 | 3 |
_aتأليف الهاشمي، أحمد, _eauthor _936961 |
|
| 245 | 0 | 0 | _aالسحر الحلال في الحكم و الأمثال |
| 264 | 3 | 1 | _aبيروت:دار الكتب العلمية،1900 |
| 300 | _a116ص | ||
| 336 |
_atext _btxt _2rdacontent |
||
| 337 |
_aunmediated _bn _2rdamedia |
||
| 338 |
_avolume _bnc _2rdacarrier |
||
| 650 | 4 |
_a الأمثال العربية - الحكم والمأثورات _936962 |
|
| 999 |
_aA15402 _c18970 _d18970 |
||